000 00597nam a2200205Ia 4500
003 LK-CoDNM
008 010623t2005 xxu||||| |||| 00| 1 Pali d
040 _aLK-CoDNM
_dLK-CoDNM
_eLK-CoDNM
041 _aPali
_asin
080 _a294.3TRI
100 _aNanaloka himi,Kodagoda
_etr.
245 _aකථාවස්තුප්‍ර‍කරණ 3
246 _aKathavastuprakarana 3
260 _bBuddhist Cultural centre
_aDehiwala
_c2005
300 _bxxviii,535p, 30 cm
500 _aBuddha Jayanthi Tripitaka Series
650 _aAbhidharma Pitaka
650 _aBuddhisum
942 _cBK
999 _c124601
_d124601